00418nam a22001457a 450000500170000001000120001702000260002903700230005508200100007810000250008824500560011326000400016927000430020930000200025220260303113013.0 aBACEN26 a9789355625083c450.00 bPrabhat Prakashan  a510.3 aThakur, Rajesh Kumar aDictionary of Mathematics /cby Rajesh Kumar Thakur aNew DelhibPrabhat Prakashan c2024 a4/19 Asaf Ali Road,bNew Delhie110002 a291p.c22cm(pb)